[Event "Høstturneringen 2014"]
[Site "Ås, Akershus NOR"]
[Date "2014.10.16"]
[Round "5"]
[White "Lea, Per"]
[Black "Furnes, Torstein"]
[Result "1/2-1/2"]
[WhiteElo "1618"]
[BlackElo "1676"]
[PlyCount "72"]
[EventDate "2014.09.04"]

1. e4 c5 2. Nf3 Nc6 3. d4 cxd4 4. Nxd4 e5 5. Nb5 d6 6. N1c3 a6 7. Na3 b5 8. Nd5
Nf6 9. Bg5 Be7 10. Bxf6 Bxf6 11. c3 O-O 12. Nc2 Bg5 13. a4 bxa4 14. Rxa4 a5 15.
Bc4 Rb8 16. Ra2 Kh8 17. Nce3 Ne7 18. Nxe7 Qxe7 19. Nd5 Qd8 20. O-O f5 21. exf5
Bxf5 22. Qe2 Bf4 23. Nxf4 exf4 24. f3 d5 25. Bd3 Qb6+ 26. Kh1 Rbe8 27. Qc2 Bxd3
28. Qxd3 Qc5 29. Raa1 Re3 30. Qd2 Rfe8 31. Rae1 Qc4 32. Kg1 Re2 33. Rxe2 Rxe2
34. Re1 Rxe1+ 35. Qxe1 h6 36. Kf2 a4 1/2-1/2

[Event "Høstturneringen 2014"]
[Site "Ås, Akershus NOR"]
[Date "2014.10.16"]
[Round "5"]
[White "Moberg, Jan Rune"]
[Black "Høva, Frode"]
[Result "0-1"]
[WhiteElo "1516"]
[BlackElo "1515"]
[PlyCount "89"]
[EventDate "2014.09.04"]

1. d4 Nf6 2. c4 g6 3. Bg5 Bg7 4. Nc3 c6 5. e4 d6 6. Nge2 O-O 7. Ng3 Qa5 8. Bd2
Qb6 9. Bc1 Nbd7 10. Be2 e5 11. d5 cxd5 12. cxd5 Nc5 13. Rb1 Nfxe4 14. Ncxe4
Nxe4 15. Nxe4 Bf5 16. Qd3 Qb4+ 17. Bd2 Qxe4 18. Qxe4 Bxe4 19. Rd1 Bxg2 20. Rg1
Bxd5 21. b3 Bc6 22. Bb4 Rfd8 23. Bxd6 Rd7 24. Rg5 h6 25. Rg3 Rad8 26. Bc5 Rxd1+
27. Bxd1 b6 28. Bb4 e4 29. Bc3 Rd3 30. Bxg7 Rxg3 31. hxg3 Kxg7 32. Ke2 Kf6 33.
Ke3 Ke5 34. Be2 g5 35. g4 Bd7 36. Bd1 f5 37. gxf5 Bxf5 38. Bh5 Bh3 39. Bg6 Bg2
40. Bh5 Bf3 41. Bxf3 exf3 42. Kxf3 h5 43. Kg3 Ke4 44. f3+ Ke3 45. Kg2 0-1

[Event "Høstturneringen 2014"]
[Site "Ås, Akershus NOR"]
[Date "2014.10.30"]
[Round "5"]
[White "Bakken, Svein-Erik"]
[Black "Lange, Holger"]
[Result "1/2-1/2"]
[WhiteElo "1326"]
[BlackElo "1599"]
[PlyCount "53"]
[EventDate "2014.09.04"]

1. d4 Nf6 2. c4 e6 3. Nc3 Bb4 4. Nf3 c5 5. Qc2 Nc6 6. dxc5 Bxc5 7. e3 O-O 8.
Be2 d5 9. O-O dxc4 10. Bxc4 Qe7 11. a3 Bd7 12. b4 Bb6 13. Bb2 Rac8 14. Qb3 Bc7
15. Rfd1 Rfd8 16. Rd2 Bb8 17. Rad1 Be8 18. Be2 a6 19. g3 Rxd2 20. Rxd2 Rd8 21.
Qd1 Rxd2 22. Qxd2 Qd7 23. Na4 Qxd2 24. Nxd2 Ne5 25. Nc5 Bc6 26. Ndb3 Ned7 27.
h4 1/2-1/2

[Event "Høstturneringen 2014"]
[Site "Ås, Akershus NOR"]
[Date "2014.10.16"]
[Round "5"]
[White "Kielland-Lund, Jon"]
[Black "Alnes, Tord"]
[Result "1-0"]
[WhiteElo "1577"]
[BlackElo "1087"]
[PlyCount "83"]
[EventDate "2014.09.04"]

1. c4 c5 2. Nf3 Nf6 3. d4 e6 4. d5 exd5 5. cxd5 d6 6. Nc3 Be7 7. e4 Bg4 8. Be2
Bxf3 9. Bxf3 O-O 10. O-O Nbd7 11. Be2 a6 12. a4 Re8 13. f3 Ne5 14. Qb3 b6 15.
Bd2 h5 16. g3 Nh7 17. Rad1 h4 18. Kg2 Ng6 19. f4 Bf6 20. Bf3 Rb8 21. Ra1 Qd7
22. g4 Nxf4+ 23. Bxf4 Be5 24. Bxe5 Rxe5 25. h3 Ng5 26. Qc2 Rbe8 27. Rae1 Qe7
28. Qf2 Nh7 29. Kh2 g5 30. Bg2 Kg7 31. Qe2 Nf8 32. Qxa6 Ng6 33. Bh1 Nf4 34.
Qxb6 Nd3 35. Re2 Nb4 36. Ref2 Rf8 37. Rf6 Rxe4 38. Nxe4 Qe5+ 39. Kg1 Qd4+ 40.
R1f2 Qd1+ 41. Kh2 Nxd5 42. Qxd6 1-0

[Event "Høstturneringen 2014"]
[Site "Ås, Akershus NOR"]
[Date "2014.10.16"]
[Round "5"]
[White "Aalmo, Alexander"]
[Black "Ruud, Kjetil"]
[Result "1-0"]
[WhiteElo "1125"]
[BlackElo "1301"]
[PlyCount "117"]
[EventDate "2014.09.04"]

1. d4 d5 2. Nf3 Bg4 3. Bg5 h6 4. Bh4 g5 5. Bg3 Bg7 6. e3 Nf6 7. c4 c6 8. a3
Nbd7 9. Qc2 dxc4 10. Bxc4 Bxf3 11. gxf3 Nb6 12. Bd3 e6 13. Nd2 Nh5 14. Ne4 Qd5
15. Ke2 f5 16. Nc3 Nxg3+ 17. hxg3 Qd6 18. Qb3 Rb8 19. Rac1 Rf8 20. Bb1 Nd5 21.
f4 g4 22. Ba2 Kf7 23. Qa4 a6 24. Nxd5 exd5 25. Bb1 Kg6 26. Rh4 Rbe8 27. Rxg4+
Kh7 28. Rh4 Qf6 29. Rh5 Qxd4 30. Bxf5+ Rxf5 31. Qxd4 Bxd4 32. Rxf5 Kg6 33. g4
Bxb2 34. Rb1 Bxa3 35. Rxb7 a5 36. Rb6 Rc8 37. Rxd5 Bb4 38. Ra6 Kf6 39. Rh5 Kg6
40. f5+ Kf6 41. Rxh6+ Ke5 42. Rhxc6 Rd8 43. Re6+ Kd5 44. f4 Kc4 45. Re5 Kb3 46.
Rexa5 Rd2+ 47. Kf3 Kc4 48. Rc6+ Kb3 49. Re5 Rh2 50. Kg3 Rh8 51. Rd5 Be1+ 52.
Kf3 Rh3+ 53. Ke4 Rh8 54. Rb5+ Ka4 55. Rb7 Re8+ 56. Kd3 Ka5 57. e4 Rd8+ 58. Kc4
Bf2 59. Rb5+ 1-0

[Event "Høstturneringen 2014"]
[Site "Ås, Akershus NOR"]
[Date "2014.10.16"]
[Round "5"]
[White "Nissen, Ulrik"]
[Black "Thowsen, Alf Geir"]
[Result "0-1"]
[WhiteElo "1134"]
[BlackElo "1195"]
[PlyCount "102"]
[EventDate "2014.09.04"]

1. e4 e6 2. d4 d5 3. Nd2 c5 4. c3 Nc6 5. Ngf3 Bd7 6. Bd3 cxd4 7. Nxd4 Nxd4 8.
cxd4 dxe4 9. Nxe4 Nf6 10. O-O Be7 11. Bf4 Bc6 12. Nxf6+ Bxf6 13. Be5 Qd5 14.
Qf3 Qxf3 15. gxf3 Bxe5 16. dxe5 Bxf3 17. Bb5+ Ke7 18. Rac1 Rac8 19. Bc4 Rhd8
20. Rc3 Bc6 21. Rfc1 Rd4 22. Bb5 Rg4+ 23. Rg3 Rxg3+ 24. hxg3 a6 25. Bd3 Kd7 26.
Rd1 Bd5 27. Be4 Rc5 28. b4 Rb5 29. Bxd5 Rxd5 30. Rxd5+ exd5 31. f4 Ke6 32. Kf2
g5 33. Kf3 gxf4 34. Kxf4 d4 35. Ke4 d3 36. Kxd3 Kxe5 37. Ke3 h5 38. a3 b5 39.
Kd3 f5 40. Ke3 f4+ 41. gxf4+ Kf5 42. Kf3 h4 43. Ke3 h3 44. Kf3 h2 45. Kg2 Kxf4
46. Kxh2 Ke3 47. Kg3 Kd3 48. Kf4 Kc3 49. Ke4 Kb3 50. Kd4 Kxa3 51. Kc3 Ka4 0-1

[Event "Høstturneringen 2014"]
[Site "Ås, Akershus NOR"]
[Date "2014.10.16"]
[Round "5"]
[White "Fuglseth, Jan"]
[Black "Samset, Jon"]
[Result "1-0"]
[WhiteElo "1350"]
[BlackElo "1143"]
[PlyCount "65"]
[EventDate "2014.09.04"]

1. c4 g6 2. Nc3 Bg7 3. g3 d6 4. Bg2 e5 5. e3 Nc6 6. Nge2 Nf6 7. d4 exd4 8. exd4
O-O 9. O-O Re8 10. Bg5 h6 11. Be3 a6 12. Qd2 Kh7 13. Rad1 Rb8 14. a3 Ne7 15. b4
Nf5 16. Rfe1 Nxe3 17. fxe3 Bg4 18. h3 Bd7 19. Nf4 Qc8 20. Kh2 g5 21. Nfd5 g4
22. h4 b5 23. Nxf6+ Bxf6 24. Qf2 Qd8 25. Ne4 Kg7 26. Rf1 Be7 27. Qxf7+ Kh8 28.
Nf6 Bxf6 29. Rxf6 Re6 30. Rxe6 Bxe6 31. Qxe6 Qf8 32. Rf1 Qg7 33. Rf7 1-0

[Event "Høstturneringen 2014"]
[Site "Ås, Akershus NOR"]
[Date "2014.10.16"]
[Round "5"]
[White "Kjelstrup, Joachim"]
[Black "Thorvaldsen, Thomas"]
[Result "1-0"]
[WhiteElo "1031"]
[BlackElo "908"]
[Annotator "Lea, Per"]
[PlyCount "119"]
[EventDate "2014.09.04"]

1. e4 e5 2. Nf3 Nc6 3. Bb5 Nf6 4. O-O Bc5 5. Re1 O-O 6. Bxc6 dxc6 7. Nxe5 $2
Qd4 8. Nf3 Qxf2+ 9. Kh1 Bb6 $2 (9... Bg4 $1) 10. d4 Re8 11. e5 Ng4 12. Nc3 Bf5
13. Ne4 Bxe4 14. Rxe4 f5 15. Rf4 (15. Re2 Bxd4 16. c3 Bb6 17. Qb3+ Kh8 18. Rxf2
Nxf2+ 19. Kg1 Nd3+ 20. Kf1 Nxe5 $18) 15... Rad8 16. h3 Ne3 17. Bxe3 Qxe3 18.
Qd2 Qxd2 19. Nxd2 Rxd4 20. Rxd4 Bxd4 21. Nc4 Bxe5 $4 (21... b5 22. Rd1 c5 23.
c3 Bf2 24. Na3 a6 $19) 22. Re1 Rd8 23. Rxe5 g6 24. Re7 Rd4 25. Ne5 Rd2 26. Rxc7
Rxc2 27. Rxb7 c5 28. Rxa7 Rxb2 29. a4 Re2 30. Nc4 Rc2 31. Na3 Ra2 32. Nb5 c4
33. Ra8+ Kg7 34. a5 Rb2 35. Rb8 $2 c3 $1 36. Rb7+ Kh6 37. a6 c2 38. Rc7 Rb1+
39. Kh2 c1=Q 40. Rxc1 Rxc1 41. a7 Ra1 42. Kg3 Kg7 43. Kf4 Kf6 44. g3 h6 45. Ke3
Ke5 46. Kd3 Kd5 $4 {Tapstrekket...} (46... f4 47. gxf4+ Kxf4 48. Kc4 Kg3 $19)
47. Nc7+ Kc6 48. a8=Q+ Rxa8 49. Nxa8 Kb7 50. Kd4 Kxa8 51. Ke5 Kb7 52. Kf6 g5
53. Kxf5 Kc6 54. Kg6 Kd6 55. Kxh6 g4 56. hxg4 Ke6 57. Kg6 Ke7 58. Kg7 Ke6 59.
g5 Ke7 60. g6 1-0

[Event "Høstturneringen 2014"]
[Site "Ås, Akershus NOR"]
[Date "2014.10.23"]
[Round "6"]
[White "Høva, Frode"]
[Black "Furnes, Torstein"]
[Result "1/2-1/2"]
[WhiteElo "1515"]
[BlackElo "1676"]
[Annotator "Furnes, Torstein"]
[PlyCount "68"]
[EventDate "2014.09.04"]

1. Nf3 d5 2. g3 Nf6 3. Bg2 c5 4. O-O Nc6 5. d4 cxd4 6. Nxd4 e5 7. Nxc6 bxc6 8.
c4 Be7 9. Nc3 e4 10. Bg5 Bb7 {Hos chesslive.de fortsetter 69 av 76 partier med
10.-Le6. Kun to partier fortsetter med Lb7.} (10... Be6 11. Qa4 O-O 12. Qxc6 $6
Rc8 13. Qa6 Rxc4 14. Qxa7 Bc5 15. Qa6 {vurderes av computerne som helt lik
stilling, selv om hvit leder med bonde og har to sammenhengende fribønder.})
11. Qa4 (11. cxd5 cxd5 12. Qa4+ Qd7) 11... O-O 12. Rfd1 {Dermed følger vi ikke
lenger noen partier hos chesslive.de. Der var det et parti som fortsatte med
Tad1.} Qb6 13. cxd5 cxd5 14. Bxf6 Bxf6 15. Nxd5 Bxd5 16. Rxd5 Qxb2 17. Rad1
Qxe2 ({Fritz mener at} 17... e3 $1 {er sterkere. Denne stillingen har for
øvrig tidligere oppstått og blitt analysert i "Let's check"-funksjonen i
ChessBase !}) 18. R5d2 Qh5 19. Qxe4 Rae8 20. Qa4 Qc5 21. Rd5 Qb6 22. Rd6 Qc5
23. R6d5 Qc3 24. Qxa7 Ra8 25. Qb7 Rxa2 26. R5d3 Qc5 27. Qf3 h6 28. R3d2 Rxd2
29. Rxd2 Re8 30. h4 Re1+ 31. Kh2 Qe5 32. Qa8+ Kh7 33. Qd5 Qxd5 34. Bxd5 Kg6
1/2-1/2

[Event "Høstturneringen 2014"]
[Site "Ås, Akershus NOR"]
[Date "2014.10.23"]
[Round "6"]
[White "Holm, Bjarne G"]
[Black "Bakken, Svein-Erik"]
[Result "1-0"]
[WhiteElo "1543"]
[BlackElo "1326"]
[PlyCount "95"]
[EventDate "2014.09.04"]

1. Nf3 d5 2. d4 c5 3. e3 e6 4. b3 cxd4 5. exd4 Nc6 6. Bf4 Nf6 7. Be2 Be7 8. O-O
O-O 9. c3 Bd7 10. Qd3 Na5 11. Nbd2 Rc8 12. Ne5 a6 13. Rac1 Ba3 14. Rc2 Be7 15.
Qf3 b5 16. Bd3 Ne8 17. Qh3 f5 18. Ndf3 Nc6 19. g4 Nf6 20. gxf5 exf5 21. Nxd7
Nxd7 22. Bxf5 Rxf5 23. Qxf5 Nf6 24. Qe6+ Kf8 25. Ng5 Qe8 26. Be5 h6 27. Bxf6
gxf6 28. Nf3 Qg6+ 29. Kh1 Qxc2 30. Rg1 Qh7 31. Qxc8+ Nd8 32. Qg4 Kf7 33. Nh4
Ne6 34. Qh5+ Kf8 35. Ng6+ Ke8 36. Nxe7+ Kxe7 37. Re1 Kd6 38. Qg4 Ng5 39. Qf4+
Kd7 40. Qb8 Qg6 41. Qb7+ Kd8 42. Qxd5+ Kc8 43. Qc6+ Kd8 44. Qd6+ Kc8 45. Qxa6+
Kd8 46. Qa8+ Kd7 47. Qb7+ Kd8 48. Re7 1-0

[Event "Høstturneringen 2014"]
[Site "Ås, Akershus NOR"]
[Date "2014.11.05"]
[Round "6"]
[White "Lange, Holger"]
[Black "Moberg, Jan Rune"]
[Result "1/2-1/2"]
[WhiteElo "1599"]
[BlackElo "1516"]
[Annotator "Lange,Holger"]
[PlyCount "99"]
[EventDate "2014.09.04"]

1. e4 e5 2. Nf3 d6 3. d4 Nd7 4. Bc4 c6 5. O-O Be7 6. Nc3 Ngf6 7. a4 O-O 8. Bg5
Qc7 9. Bb3 Re8 10. Re1 Nf8 11. h3 Ng6 12. d5 c5 13. Nb5 Qd8 14. Nh4 Nxh4 15.
Bxh4 a6 16. Na3 Bd7 17. c4 Qc7 18. Bc2 h6 19. Bg3 g6 20. Qd2 Kg7 21. Bd1 g5 22.
b3 Nh7 23. Nc2 Nf8 24. Qd3 Ng6 25. Qf3 Nf4 26. Ne3 f6 $2 {Styrker hvits hvite
løper unødvendig} 27. Bc2 Rh8 28. Bxf4 exf4 29. Nf5+ Bxf5 30. exf5 h5 31. Re6 {
Hvit dominerer fullstendig} Rag8 32. Rae1 Bd8 33. R1e4 Qd7 34. Qe2 Kf7 35. Kh2
Rg7 36. g3 $6 (36. h4 $1 gxh4 37. Rxf4 $18) 36... fxg3+ 37. fxg3 Rgg8 38. Bd1
Rg7 39. Qe3 Rgg8 40. Be2 Rh7 41. Qd2 Rgh8 42. Qd1 Ba5 43. Kg2 $2 {Unøyaktig,
tillater Lc3 med konsolidering} Bc3 44. Qd3 Be5 45. Qd2 b6 46. a5 Qc7 47. axb6
Qxb6 $4 {Tapstrekk, forbausende nok! Her har jeg tenkt ganske lang og vurderte
kvalitetsofre på e5, men var ikke frekk nok:} 48. Bd1 $2 (48. R4xe5 $1 fxe5 49.
Qxg5 Qd8 50. Bxh5+ $1 {særlig denne ofre hadde jeg ikke sett!} Rxh5 51. Qg6+
Kf8 52. Rxd6 {og svart kan gi opp}) 48... a5 49. Re2 $2 (49. R4xe5 {igjen})
49... Ra8 $4 (49... Qb4 50. Qe3 Rd8 {og lik stilling}) 50. Qa2 $4 (50. R2xe5
fxe5 51. Qxg5 {og 1-0. Men isteden valgte jeg remistilbud her, som blir
gledelig akseptert. Det er ikke nok å..stå til vinst - man må også vinne. Her
var jeg redd for ofren - hva hvis han finner veien ut? Derfor er remis ok
denne gang}) 1/2-1/2

[Event "Høstturneringen 2014"]
[Site "Ås, Akershus NOR"]
[Date "2014.10.23"]
[Round "6"]
[White "Lange, Magnus Øyvind"]
[Black "Lea, Per"]
[Result "0-1"]
[WhiteElo "702"]
[BlackElo "1618"]
[Annotator "Lea, Per"]
[PlyCount "39"]
[EventDate "2014.09.04"]

1. d4 Nf6 2. Nc3 d5 3. Nf3 e6 4. e3 c5 5. Bd3 c4 6. Be2 a6 7. a4 Bb4 8. Bd2 Qa5
9. O-O Nbd7 10. Re1 O-O 11. h3 Rb8 12. Qb1 Qc7 13. Rd1 b5 $2 14. Ra2 $2 (14.
Nxb5 $1 Qa5 15. Bxb4 Qxb4 16. c3 Qa5 17. Nd6 Qb6 18. Nxc8 Rfxc8) 14... Ba5 $2 (
14... Bxc3 15. bxc3 bxa4 16. Qa1 $15) 15. Qa1 $2 (15. axb5 $1 Bxc3 (15... axb5
$2 16. Nxd5 Nxd5 17. Bxa5 Qc6 $16) 16. Bxc3 axb5 $14) 15... b4 $1 16. Nb1 Ne4
17. Kf1 f5 {Med flere av hvits brikker strandet på dronningfløyen, må det være
fornuftig av svart å få aktivitet på kongefløyen} 18. Nh2 $4 {En tragisk lse.
Kanskje et trøtthetstegn? På dette tidspunkt hadde partiet vart i nesten 2 og
en halv time.} Qxh2 19. Bf3 Nxd2+ 20. Rxd2 {og hvit ga samtidig opp. Etter 21..
.b3 vinner svart et tårn.} 0-1

[Event "Høstturneringen 2014"]
[Site "Ås, Akershus NOR"]
[Date "2014.10.23"]
[Round "6"]
[White "Thowsen, Alf Geir"]
[Black "Aalmo, Alexander"]
[Result "1-0"]
[WhiteElo "1195"]
[BlackElo "1125"]
[PlyCount "101"]
[EventDate "2014.09.04"]

1. d4 c5 2. d5 d6 3. c4 Bd7 4. Nc3 Nf6 5. e4 e6 6. Nf3 Be7 7. Be2 O-O 8. O-O a6
9. a4 exd5 10. cxd5 Qc7 11. Bc4 Re8 12. Re1 Ng4 13. h3 Nf6 14. Bf4 Qc8 15. e5
Nh5 16. Bh2 Qc7 17. Ne4 Qc8 18. exd6 Bf8 19. Nfg5 g6 20. g4 f5 21. gxh5 fxe4
22. Ne6 Bxe6 23. dxe6 Rxe6 24. Bxe6+ (24. Rxe4) 24... Qxe6 25. hxg6 Qxg6+ 26.
Qg4 Qxg4+ 27. hxg4 Nc6 28. Rxe4 Rd8 29. Rd1 Nd4 30. Rexd4 cxd4 31. Rxd4 Rd7 32.
b3 Bg7 33. Rc4 Kf7 34. Rc7 Ke6 35. Rxd7 Kxd7 36. f4 Bd4+ 37. Kf1 Kxd6 38. Ke2
Kd5 39. Kd3 Bb2 40. f5 Be5 41. Bxe5 Kxe5 42. Ke3 b6 43. b4 h6 44. Kf3 b5 45.
axb5 axb5 46. Ke3 h5 47. gxh5 Kxf5 48. Kd4 Kg5 49. Kc5 Kxh5 50. Kxb5 Kg6 51.
Kc6 1-0

[Event "Høstturneringen 2014"]
[Site "Ski, Akershus NOR"]
[Date "2014.10.31"]
[Round "6"]
[White "Petersen, Rune J"]
[Black "Kjelstrup, Joachim"]
[Result "0-1"]
[WhiteElo "845"]
[BlackElo "1031"]
[PlyCount "92"]
[EventDate "2014.09.04"]

1. d4 Nf6 2. Nf3 g6 3. e3 Bg7 4. Bd2 O-O 5. Bc3 d6 6. Bd3 c5 7. Nbd2 Nc6 8. O-O
cxd4 9. exd4 Nd5 10. Re1 Bg4 11. h3 Nxc3 12. bxc3 Bxf3 13. Nxf3 Rc8 14. Qd2 e6
15. Re2 Ne7 16. Rae1 Qa5 17. c4 Qxd2 18. Rxd2 Nc6 19. c3 Na5 20. Rde2 Nxc4 21.
Bxc4 Rxc4 22. Re3 Rfc8 23. Rc1 b5 24. Nd2 Rxd4 25. cxd4 Rxc1+ 26. Kh2 Rc2 27.
Nf3 Rxa2 28. d5 exd5 29. Re8+ Bf8 30. Ra8 h6 31. Nd4 b4 32. f3 Kg7 33. Rb8 a5
34. Rb5 Be7 35. Rxd5 a4 36. Nc6 b3 37. Nxe7 b2 38. Rb5 a3 39. Nd5 Ra1 40. Nc3
Rc1 41. Ne2 b1=Q 42. Rxb1 Rxb1 43. Nc3 Rb7 44. Kg1 Rb3 45. Na2 Kf6 46. Kf1 Rb2
{Hvit ga opp} 0-1

[Event "Høstturneringen 2014"]
[Site "Ås, Akershus NOR"]
[Date "2014.10.23"]
[Round "6"]
[White "Olsen, Trygve"]
[Black "Simonsen, Steinar"]
[Result "1-0"]
[WhiteElo "1210"]
[BlackElo "1337"]
[PlyCount "47"]
[EventDate "2014.09.04"]

1. f4 Nc6 2. Nf3 e5 3. fxe5 b6 4. d4 d6 5. d5 Nxe5 6. Nxe5 dxe5 7. Qd3 Nf6 8.
e4 a5 9. c4 Be7 10. Be2 O-O 11. O-O Ng4 12. Bxg4 Bxg4 13. Nc3 c6 14. Qg3 Bh5
15. Qxe5 Bg6 16. dxc6 Re8 17. Qd5 Bc5+ 18. Kh1 Qxd5 19. cxd5 Bxe4 20. Bf4 Bf5
21. d6 Rac8 22. d7 Bxd7 23. cxd7 Rcd8 24. dxe8=Q+ 1-0

[Event "Høstturneringen 2014"]
[Site "Ås, Akershus NOR"]
[Date "2014.11.09"]
[Round "7"]
[White "Furnes, Torstein"]
[Black "Holm, Bjarne G"]
[Result "1-0"]
[WhiteElo "1676"]
[BlackElo "1543"]
[Annotator "Furnes, Torstein"]
[PlyCount "39"]
[EventDate "2014.09.04"]

1. d4 Nf6 2. c4 d5 3. cxd5 Nxd5 4. e4 Nb6 5. Nf3 Bg4 6. Be2 e6 7. O-O Be7 8.
Nc3 O-O 9. h3 Bh5 10. g4 {Dette trekket finnes ikke i databasen chesslive.de.
Der fortsetter istedet fire partier med Le3 og ett parti med Lf4.} Bg6 11. Ne5
N8d7 ({Førstevalget til Fritz 11 er} 11... Nc6) 12. Nxg6 hxg6 13. Bf4 a6 14. a4
Nc8 {Kanskje litt passivt. Fritz 11 vil heller spille a5 eller g5.} 15. Qb3 b6
16. Qc4 {Ulempen med dette trekket er at svart får aktivisert springeren med
tempo.} Nd6 17. Qd3 ({En interessant mulighet var å spille} 17. Qc6 {
Dronningen mangler riktignok retrettfelter, men det er heller ikke noen
umiddelbar fare for at den kan bli fanget.}) 17... f5 $18 {En unøyaktighet
ifølge Fritz, som heller foreslår g5 eller Sb7.} 18. e5 Nb7 $6 ({Fritz mener
at svart må prøve} 18... Nf7 19. Qc4 c5 20. dxc5 Nxc5 21. b4 g5 22. Bh2 Ne4)
19. Qc4 {Bonden på e6 går tapt.} Kf7 $2 {Beskytter tilsynelatende e-bonden,
men nå får hvit mulighet til å avgjøre partiet med et dronningoffer.} 20. Qxe6+
$3 (20. Qxe6+ $3 Ke8 (20... Kxe6 21. Bc4# {er et morsomt mattbilde.}) 21. Qxg6+
Rf7 22. e6 {er forsert matt i max 10 trekk.}) 1-0

[Event "Høstturneringen 2014"]
[Site "Ås, Akershus NOR"]
[Date "2014.11.06"]
[Round "7"]
[White "Lea, Per"]
[Black "Høva, Frode"]
[Result "1-0"]
[WhiteElo "1618"]
[BlackElo "1515"]
[PlyCount "59"]
[EventDate "2014.09.04"]

1. e4 d6 2. d4 Nf6 3. Nc3 g6 4. Nf3 Bg7 5. Bc4 O-O 6. O-O Bg4 7. h3 Bxf3 8.
Qxf3 Nc6 9. Be3 e5 10. d5 Nd4 11. Qd1 b5 12. Bd3 a6 13. Ne2 Nd7 14. c3 Nxe2+
15. Qxe2 f5 16. f4 fxe4 17. Bxe4 exf4 18. Bxf4 Nc5 19. Bc2 Qh4 20. Qd2 Rae8 21.
Bg5 Qg3 22. Bf4 Qh4 23. Bg5 Qg3 24. Rxf8+ Rxf8 25. Rf1 Rxf1+ 26. Kxf1 Be5 27.
Bd8 Bf4 28. Qe2 Be3 29. Bxc7 Nb7 (29... Qf4+ {bør framtvinge remis, men svart
er i alvorlig tidsnød}) 30. Qf3 {Svart tapte på tid i en stilling som bør
kunne holdes, minusbonden og hvits løperpar til tross} 1-0

[Event "Høstturneringen 2014"]
[Site "Ås, Akershus NOR"]
[Date "2014.11.06"]
[Round "7"]
[White "Kielland-Lund, Jon"]
[Black "Moberg, Jan Rune"]
[Result "1-0"]
[WhiteElo "1577"]
[BlackElo "1516"]
[Annotator "Kielland-Lund,Jon"]
[PlyCount "47"]
[EventDate "2014.09.04"]

1. e4 g6 2. d4 d6 3. c4 Bg7 4. Nc3 Nd7 5. Nf3 e6 {e5 er noen hakk bedre} 6. Be2
Ne7 7. Bg5 h6 8. Be3 O-O 9. Qd2 Kh7 10. h4 f5 {Dette kom langt nede på
forslagslisten til Critter} 11. h5 Qe8 12. hxg6+ {Her misset jeg Nb5, som
nesten er avgjørende} Qxg6 13. O-O-O Nf6 14. Nh4 Qf7 15. f3 {e5 eller exf er
langt bedre, nå har svart f4.} Nfg8 16. exf5 exf5 17. Bf4 Nc6 18. g4 {!} Nxd4
19. Bd3 Ne7 {? Kongen bør flyttes.} 20. gxf5 Nexf5 21. Nxf5 Nxf5 22. Bxh6 {Min
motstander tenkte lenge, men alle varianter taper.(prøv selv)} Rh8 23. Bxg7+
Kxg7 24. Rdg1+ {Oppgitt.} 1-0

[Event "Høstturneringen 2014"]
[Site "Ås, Akershus NOR"]
[Date "2014.11.06"]
[Round "7"]
[White "Thowsen, Alf Geir"]
[Black "Lange, Holger"]
[Result "1/2-1/2"]
[WhiteElo "1195"]
[BlackElo "1599"]
[PlyCount "114"]
[EventDate "2014.09.04"]

1. c4 e5 2. Nc3 Nf6 3. d3 Nc6 4. Nf3 d5 5. cxd5 Nxd5 6. g3 Bb4 7. Bd2 O-O 8.
Bg2 Be6 9. O-O f6 10. Rc1 Qd7 11. a3 Be7 12. Ne4 Bh3 13. Nc5 Bxc5 14. Rxc5 Bxg2
15. Kxg2 Nce7 16. Qb3 b6 17. Rc2 Qe6 18. Kh1 c5 19. e4 Nc7 20. Qxe6+ Nxe6 21.
Rfc1 Rfd8 22. Rc3 Nc6 23. Be3 Ncd4 24. Bxd4 Nxd4 25. Nxd4 Rxd4 26. Kg2 Rad8 27.
Rd1 Rxe4 28. Kf3 Red4 29. Ke3 c4 30. Rd2 b5 31. f3 f5 32. b3 cxb3 33. Rxb3 a6
34. Rb4 R4d5 35. d4 Kf7 36. f4 a5 37. Rbb2 exd4+ 38. Kd3 Rc8 39. Rdc2 Re8 40.
Re2 Re6 41. Rbc2 Kf6 42. Rc7 Rxe2 43. Kxe2 Rd6 44. Kd3 h6 45. Rb7 Rd5 46. Rb6+
Kf7 47. Rb7+ Kg6 48. h3 Kf6 49. Rb6+ Kf7 50. Rb7+ Kg8 51. g4 Kh7 52. Re7 fxg4
53. hxg4 Kg6 54. Ra7 b4 55. axb4 axb4 56. Ra6+ Kf7 57. Rb6 b3 1/2-1/2

[Event "Høstturneringen 2014"]
[Site "Drøbak, Akershus NOR"]
[Date "2014.11.18"]
[Round "7"]
[White "Bakken, Svein-Erik"]
[Black "Fuglseth, Jan"]
[Result "1-0"]
[WhiteElo "1326"]
[BlackElo "1350"]
[Annotator "Furnes, Torstein"]
[PlyCount "151"]
[EventDate "2014.09.04"]

1. d4 Nf6 2. c4 e6 3. Nc3 Bb4 4. Bg5 O-O 5. e3 d6 6. Nf3 Nbd7 7. Bd3 h6 8. Bh4
c5 9. O-O cxd4 10. exd4 Bxc3 11. bxc3 b6 12. Qb3 Bb7 13. Be2 Qc7 14. Rfd1 Rac8
15. Nd2 Ne4 16. Nxe4 Bxe4 17. Rac1 Rfe8 18. Bg3 e5 19. Bf1 Bg6 20. Re1 f5 21.
c5+ Bf7 22. Bc4 Bxc4 23. Qxc4+ Kh8 24. Qb5 f4 25. cxd6 Qc6 26. Qxc6 Rxc6 27.
dxe5 (27. Bxf4 Rxd6 28. dxe5) 27... Nc5 28. d7 (28. Bxf4 $1 Nd3 $6 29. d7 $18)
28... Nxd7 29. Bxf4 Rce6 30. Re3 Nc5 31. Rd1 Kg8 32. Bg3 Na4 33. f4 Rc6 34. Rd7
Nxc3 35. Rxa7 Nd5 36. Rd3 Ne7 37. Rdd7 Nf5 38. Rd2 Rec8 39. Rad7 Ne3 40. Rd8+
Kf7 41. Rxc8 Rxc8 42. a4 Rc4 43. Ra2 Nd5 44. h4 Nxf4 45. Rf2 g5 46. hxg5 hxg5
47. Rb2 Rxa4 48. Rxb6 Ne2+ 49. Kh2 Nxg3 50. Kxg3 Re4 51. Kh3 Rxe5 {Dermed er
vi over i et 6-brikkers sluttspill. Og da kan man som kjent bruke Nalimov
Tablebases på Internett til å få fasiten på enhver stilling som kan oppstå.
Stillingen på brettet nå er remis.} 52. Kg4 Rc5 53. g3 Ra5 54. Kh5 Ra3 55. g4
Ra1 56. Kxg5 Rh1 {Helt siden trekk 52 har stillingen vært teoretisk remis
ifølge Nalimov. Men svarts siste trekk Th1 gjør at hvit nå har vinststilling
og forsert matt i 34 (!) trekk. Svart kunne flyttet tårnet til 11 forskjellige
felt (dvs alle felt bortsett fra b1, h1 og a6) og stillingen ville fortsatt
vært remis. Kongen til g7 eller g8 ville også holdt remis.} 57. Rf6+ {Dermed
er stillingen remis igjen. Hvits eneste vinsttrekk var 57.Tb7+} Kg7 58. Rf4 Ra1
59. Rf5 Rh1 60. Rc5 Kf7 {Med dette trekket har stillingen igjen snudd til hvit
vinststilling (matt i 34 trekk). Svart ville holdt remis ved å flytte tårnet
til et hvilket som helst felt på førsteraden, bortsett fra c1.} 61. Rc7+ {
Eneste vinsttrekk ! Resten av partiet er nå hvit vinststilling hele tiden.} Kf8
62. Kg6 Ra1 63. g5 Rh1 64. Rc8+ Ke7 65. Kg7 Ke6 66. g6 Rh2 67. Kg8 Ke7 68. g7
Kd7 69. Rf8 Ke7 70. Rf3 Rh1 71. Re3+ Kd7 72. Re5 Rh2 73. Kf7 Rf2+ 74. Kg6 Rg2+
75. Rg5 Rxg5+ 76. Kxg5 1-0